000 01351nam a2200373 i 4500
001 000008762
003 DO-SdBNP
005 20250204073951.0
007 ta
008 090918s1994 dr 001 0 spa d
040 _aDO-SdBNP
_bspa
_cBNPHU
_erda
082 4 _a306.097293
_bL453h, 1994
_222
100 1 _aLebrón Saviñon, Mariano
_d1922-2014
_97227
245 1 0 _aHistoria de la cultura dominicana /
_cMariano Lebrón Saviñón
250 _a2a ed.
264 _aSanto Domingo :
_bTaller,
_c1994.
300 _a3 volumen ;
_c23 cm.
336 _2rdacontent
_atexto
_btxt
337 _2rdamedia
_asin mediación
_bn
338 _2rdacurrier
_avolumen
_bnc
490 1 _aSesquicentenario de la independencia nacional
_v9
500 _aIncluye índice onomástico
500 _aIncluye referencias bibliográficas y notas al pie de las páginas
504 _aIncluye referencias
590 _aInventariado, 2018/MFF
650 4 _aCultura
_zRepública Dominicana
_xHistoria
_91949
650 4 _aMovimientos literarios
_98573
650 4 _aLiteratura dominicana
_xHistoria
_91311
650 4 _aAutores dominicanos
_xHistoria y crítica
_922117
651 _aRepública dominicana
_xCivilización
_97739
830 0 _aSesquicentenario de la independencia nacional
_n9
_923298
910 _aValidado. Control de calidad MMOLINA
942 _2ddc
_cLBS1
999 _c8531
_d8531